000 00555cam a22002053a 4500
001 40220
003 PGUSA
005 20140828083909.0
008 120712s2012||||xxu|||||s|||||000 | eng d
040 _aPGUSA
_beng
042 _adc
100 1 _aHurst, C. de
245 1 0 _aHow Women Should Ride
_h[electronic resource] /
_cC. de Hurst
260 _bProject Gutenberg,
_c2012
506 _aPublic domain in the USA.
516 _aElectronic text
830 0 _aProject Gutenberg
_v40220
856 4 0 _uhttp://www.gutenberg.org/ebooks/40220
942 _cEB
999 _c269473
_d269473